| 000 -LEADER |
| fixed length control field |
00391 a2200157 4500 |
| 003 - CONTROL NUMBER IDENTIFIER |
| control field |
OSt |
| 005 - DATE AND TIME OF LATEST TRANSACTION |
| control field |
20240722192354.0 |
| 008 - FIXED-LENGTH DATA ELEMENTS--GENERAL INFORMATION |
| fixed length control field |
240710b ||||| |||| 00| 0 eng d |
| 020 ## - INTERNATIONAL STANDARD BOOK NUMBER |
| International Standard Book Number |
97819551541910 |
| 082 ## - DEWEY DECIMAL CLASSIFICATION NUMBER |
| Classification number |
720 |
| 100 ## - MAIN ENTRY--PERSONAL NAME |
| Personal name |
Giuseppe Bono |
| 245 ## - TITLE STATEMENT |
| Title |
Blue papers: studies on digitational architecture |
| 260 ## - PUBLICATION, DISTRIBUTION, ETC. (IMPRINT) |
| Name of publisher, distributor, etc |
Applied Research & Design |
| Date of publication, distribution, etc |
2021 |
| 300 ## - PHYSICAL DESCRIPTION |
| Extent |
151p; |
| 942 ## - ADDED ENTRY ELEMENTS (KOHA) |
| Source of classification or shelving scheme |
|